Statistics for 2022-23 NHL PLAYER BY PICTURE #3

Click here to take the quiz!

General Stats

  • This quiz has been taken 54 times
  • The average score is 12 of 16

Answer Stats

Answer% Correct
Nikita Kucherov
98%
Mathew Barzal
91%
Gabriel Landeskog
89%
Seth Jones
85%
Jonathan Huberdeau
83%
Matt Duchene
77%
Victor Hedman
74%
Drew Doughty
72%
Jordan Binnington
72%
Jordan Kyrou
72%
Devon Toews
68%
Troy Terry
64%
Jeff Carter
60%
Tristan Jarry
60%
Noah Dobson
51%
Petr Mrazek
43%

Score Distribution

Percentile by Number Answered

Percent of People with Each Score

Your Score History

You have not taken this quiz